| 000 -LEADER |
| fixed length control field |
01011nam a22002177a 4500 |
| 005 - DATE AND TIME OF LATEST TRANSACTION |
| control field |
20190820082918.0 |
| 008 - FIXED-LENGTH DATA ELEMENTS--GENERAL INFORMATION |
| fixed length control field |
190820b ||||| |||| 00| 0 eng d |
| 020 ## - INTERNATIONAL STANDARD BOOK NUMBER |
| International Standard Book Number |
9780374422233 |
| 040 ## - CATALOGING SOURCE |
| Transcribing agency |
KH8 |
| 082 ## - DEWEY DECIMAL CLASSIFICATION NUMBER |
| Classification number |
FIC BOS |
| 100 ## - MAIN ENTRY--PERSONAL NAME |
| Personal name |
Bosse, Malcolm J. |
| 245 ## - TITLE STATEMENT |
| Title |
The examination / |
| Statement of responsibility, etc. |
Malcolm J (Malcolm Joseph) Bosse |
| 260 ## - PUBLICATION, DISTRIBUTION, ETC. |
| Place of publication, distribution, etc. |
New York : |
| Name of publisher, distributor, etc. |
Farrar, Straus and Giroux, |
| Date of publication, distribution, etc. |
1996, c 1994. |
| 300 ## - PHYSICAL DESCRIPTION |
| Extent |
296 pages : |
| Other physical details |
map ; |
| Dimensions |
23 cm. |
| 500 ## - GENERAL NOTE |
| General note |
A Sunburst Book. |
| 520 ## - SUMMARY, ETC. |
| Summary, etc. |
"Fifteen-year-old Hong and his older brother Chen face famine, flood, pirates, and jealous rivals on their journey through fifteenth century China as Chen pursues his calling as a scholar and Hong becomes involved with a secret society known as the White Lotus. Bosse has constructed a compelling, picaresque novel which blends adventure and history into a seamless fabric." Horn Book. |
| 521 ## - TARGET AUDIENCE NOTE |
| Target audience note |
IL: YA. |
| 650 ## - SUBJECT ADDED ENTRY--TOPICAL TERM |
| Topical term or geographic name entry element |
Brothers |
| Form subdivision |
Fiction. |
| 650 ## - SUBJECT ADDED ENTRY--TOPICAL TERM |
| Topical term or geographic name entry element |
China |
| Form subdivision |
History |
| General subdivision |
Fiction. |
| Chronological subdivision |
Ming dynasty, 1368-1644 |
| 942 ## - ADDED ENTRY ELEMENTS (KOHA) |
| Source of classification or shelving scheme |
|
| Koha item type |
Books - Fiction |